000 00438cam a2200193ua 4500
020 _c5.50
041 _ahin
_h
082 _a891.54
_bYAS/SI
100 _aYashpal, .
245 _aSimhavalokan /
_cYashpal.
_hTextual Documents
250 _a2 /
_b.
260 _aLucknow :
_bViplav Karyalay ,
_c1958.
300 _a164 ; .
365 _a5.50
504 _a
942 _cBK
999 _c8417
_d8417